<?xml version="1.0" encoding="UTF-8"?><?xml-stylesheet type="text/xsl" href="static/style.xsl"?><OAI-PMH xmlns="http://www.openarchives.org/OAI/2.0/" xmlns:xsi="http://www.w3.org/2001/XMLSchema-instance" xsi:schemaLocation="http://www.openarchives.org/OAI/2.0/ http://www.openarchives.org/OAI/2.0/OAI-PMH.xsd"><responseDate>2026-05-17T01:43:53Z</responseDate><request verb="GetRecord" identifier="oai:repisalud.isciii.es:20.500.12105/16228" metadataPrefix="marc">https://repisalud.isciii.es/rest/oai/request</request><GetRecord><record><header><identifier>oai:repisalud.isciii.es:20.500.12105/16228</identifier><datestamp>2025-05-14T11:07:45Z</datestamp><setSpec>com_20.500.12105_15939</setSpec><setSpec>com_20.500.12105_5568</setSpec><setSpec>com_20.500.12105_2404</setSpec><setSpec>com_20.500.12105_2403</setSpec><setSpec>com_20.500.12105_2052</setSpec><setSpec>com_20.500.12105_2051</setSpec><setSpec>col_20.500.12105_16223</setSpec><setSpec>col_20.500.12105_19608</setSpec></header><metadata><record xmlns="http://www.loc.gov/MARC21/slim" xmlns:dcterms="http://purl.org/dc/terms/" xmlns:doc="http://www.lyncode.com/xoai" xmlns:xsi="http://www.w3.org/2001/XMLSchema-instance" xsi:schemaLocation="http://www.loc.gov/MARC21/slim http://www.loc.gov/standards/marcxml/schema/MARC21slim.xsd">
   <leader>00925njm 22002777a 4500</leader>
   <datafield ind2=" " ind1=" " tag="042">
      <subfield code="a">dc</subfield>
   </datafield>
   <datafield ind2=" " ind1=" " tag="720">
      <subfield code="a">Lozano-Álvarez, Marcos</subfield>
      <subfield code="e">author</subfield>
   </datafield>
   <datafield ind2=" " ind1=" " tag="720">
      <subfield code="a">Delgado-Sanz, Concepcion</subfield>
      <subfield code="e">author</subfield>
   </datafield>
   <datafield ind2=" " ind1=" " tag="720">
      <subfield code="a">Mazagatos, Clara</subfield>
      <subfield code="e">author</subfield>
   </datafield>
   <datafield ind2=" " ind1=" " tag="720">
      <subfield code="a">Galindo Carretero, Silvia</subfield>
      <subfield code="e">author</subfield>
   </datafield>
   <datafield ind2=" " ind1=" " tag="720">
      <subfield code="a">Pérez-Gimeno, Gloria</subfield>
      <subfield code="e">author</subfield>
   </datafield>
   <datafield ind2=" " ind1=" " tag="720">
      <subfield code="a">Rojas-Benedicto, Ayelén</subfield>
      <subfield code="e">author</subfield>
   </datafield>
   <datafield ind2=" " ind1=" " tag="720">
      <subfield code="a">Fontán-Vela, Mario</subfield>
      <subfield code="e">author</subfield>
   </datafield>
   <datafield ind2=" " ind1=" " tag="720">
      <subfield code="a">Larrauri, Amparo</subfield>
      <subfield code="e">author</subfield>
   </datafield>
   <datafield ind2=" " ind1=" " tag="720">
      <subfield code="a">Monge Corella, Susana</subfield>
      <subfield code="e">author</subfield>
   </datafield>
   <datafield ind2=" " ind1=" " tag="260">
      <subfield code="c">2023-06-30</subfield>
   </datafield>
   <datafield ind2=" " ind1=" " tag="520">
      <subfield code="a">[ES] Introducción: En España han coexistido durante la pandemia de COVID-19 el sistema centinela de vigilancia de infección respiratoria aguda grave (SiVIRA), la notificación individualizada de casos COVID-19 (SIVIES) y el sistema de capacidad asistencial (CMC). El objetivo es comparar las tasas estimadas de casos COVID-19 hospitalizados, así como su gravedad, en los tres sistemas. Método: Se estimó la tasa semanal de hospitalización COVID-19 (por 100.000 habitantes) total y por grupos de edad y se estimó la proporción de UCI y letalidad entre hospitalizados en 3 periodos: P1=Semanas 40/2021-12/2022; P2=Semanas 13/2022-39/2022; P3=Semanas 40/2022-08/2023. Resultados: Los tres sistemas mostraron tendencias similares, pero la tasa promedio (casos/100.000) fue superior en todos los periodos en el CMC (P1=11,8; P2=10,7; P3=5,3), que en SiViES (P1=7,7; P2=7,5; P3=3,7) y SiVIRA (P1=6,4; P2=5,6; P3=1,8). La mayor diferencia fue en los grupos de 5-14 y 15-44 años (2,2-2,3 veces más en SiViES vs SiVIRA), donde además las tasas de SiVIRA eran más inestables y la menor diferencia en los grupos de ≥45 años (1,3 veces más en SiViES vs SiVIRA). No se observaron diferencias sistemáticas en el porcentaje que requirió UCI (rango en los diferentes periodos: SiVIRA 3,8-9,8%; SiViES 4,5-7,7%; CMC 5,2-9,7%) ni en la letalidad (rango: SiVIRA 8,2-14,0%; SIVIES 6,2-12,1%). Conclusiones: SiVIRA, SiViES y el CMC resultaron igualmente válidos para la monitorización de las tasas de hospitalización por COVID-19. SiVIRA realizó una captación de casos más específica, con menores tasas estimadas, especialmente en edades &lt;45 años y en la última temporada 2022/23. [EN] Introduction: In Spain, the severe acute respiratory infection sentinel surveillance system (SiVIRA), the individualized notification of COVID-19 cases (SiViES) and the care capacity system (CMC) over-lapped in time. The objective is to compare the estimated rates of hospitalized COVID-19 cases, as well as their severity, in the three systems.Method: The weekly rate of COVID-19 hospitalization (per 100,000 inhabitants), was estimated both overall and by age groups, as well as the proportion of ICUs and mortality among hospitalized patients in 3 periods: P1=Weeks 40/2021-12/2022; P2=Weeks 13/2022-39/2022; P3=Weeks 40/2022-08/2023.Results: The three systems showed similar trends, but the average rate (cases/100,000) was higher in all periods in the CMC (P1=11.8; P2=10.7; P3=5.3), than in SiViES (P1=7.7; P2=7.5; P3=3.7) and SiVIRA (P1=6.4; P2=5.6; P3=1.8). The greatest difference was in the 5-14 and 15-44 years age groups (2.2-2.3 times higher in SiViES vs. SiVIRA), where the SiVIRA rates were also more unstable, and the smallest difference in the ≥45 years age groups (1.3 times higher in SiViES vs. SiVIRA). No systematic differ-ences were observed in the proportion of cases requiring ICU (range in the different periods: SiVIRA 3.8-9.8%; SiViES 4.5-7.7%; CMC 5.2-9.7%) nor in mortality (range: SiVIRA 8.2-14.0%; SiViES 6.2-12.1%).Conclusions: SiVIRA, SiViES and CMC were equally valid for monitoring hospitalization rates due to COVID-19. SiVIRA implemented a more specific case identification, resulting in lower estimated rates, especially in age groups &lt;45 years and during the last season 2022/23.</subfield>
   </datafield>
   <datafield ind1="8" ind2=" " tag="024">
      <subfield code="a">Boletín Epidemiológico Semanal. 2023; Vol.31 (2):93-103</subfield>
   </datafield>
   <datafield ind1="8" ind2=" " tag="024">
      <subfield code="a">10.4321/s2173-92772023000200003</subfield>
   </datafield>
   <datafield ind1="8" ind2=" " tag="024">
      <subfield code="a">2173-9277</subfield>
   </datafield>
   <datafield ind1="8" ind2=" " tag="024">
      <subfield code="a">2173-9277</subfield>
   </datafield>
   <datafield ind1="8" ind2=" " tag="024">
      <subfield code="a">Boletín Epidemiológico Semanal</subfield>
   </datafield>
   <datafield ind1="8" ind2=" " tag="024">
      <subfield code="a">http://hdl.handle.net/20.500.12105/16228</subfield>
   </datafield>
   <datafield tag="653" ind2=" " ind1=" ">
      <subfield code="a">COVID-19</subfield>
   </datafield>
   <datafield tag="653" ind2=" " ind1=" ">
      <subfield code="a">IRAG</subfield>
   </datafield>
   <datafield tag="653" ind2=" " ind1=" ">
      <subfield code="a">Vigilancia</subfield>
   </datafield>
   <datafield ind2="0" ind1="0" tag="245">
      <subfield code="a">Monitorización de COVID-19 grave en España: comparación de tres sistemas en las temporadas 2021/22 y 2022/23</subfield>
   </datafield>
</record></metadata></record></GetRecord></OAI-PMH>